Steam Table : With mollier Diagram (Record no. 1155)
[ view plain ]
| 000 -LEADER | |
|---|---|
| Fixed length control field | 00445nam a2200169 4500 |
| 003 - CONTROL NUMBER IDENTIFIER | |
| Control field | SEACOMEC |
| 005 - DATE AND TIME OF LATEST TRANSACTION | |
| Control field | 20240521124727.0 |
| 008 - FIXED-LENGTH DATA ELEMENTS--GENERAL INFORMATION | |
| Fixed length control field | 240521b |||||||| |||| 00| 0 eng d |
| 020 ## - INTERNATIONAL STANDARD BOOK NUMBER / ISBN | |
| International Standard Book Number | 8121906547. |
| Price | Rs.45.00 |
| 040 ## - CATALOGING SOURCE | |
| Original cataloging agency | SEACOMEC |
| 082 ## - DEWEY DECIMAL CLASSIFICATION NUMBER | |
| Classification number | 621.1 |
| Book Number | K45 |
| 100 ## - MAIN ENTRY--PERSONAL NAME | |
| Personal name | Khurmi, R.S. |
| 245 1# - TITLE STATEMENT | |
| Title | Steam Table : With mollier Diagram |
| Statement of responsibility | R.S. Khurmi |
| 260 ## - IMPRINT | |
| Place of publication | New Delhi |
| Name of publisher | S. Chand Publishing |
| Date of publication | 2008 |
| 650 ## - SUBJECT ADDED ENTRY--TOPICAL TERM | |
| Topical term | Steam Tables |
| 942 ## - ADDED ENTRY ELEMENTS (KOHA) | |
| Koha item type | Books |
| Withdrawn status | Lost status | Source of classification | Damaged status | Not for loan | Home library | Current library | Date acquired | Total Checkouts | Call number | Accession number | Date last seen | Price effective from | Koha item type | Copy number |
|---|---|---|---|---|---|---|---|---|---|---|---|---|---|---|
| Dewey Decimal Classification | SEACOM ENGINEERING COLLEGE | SEACOM ENGINEERING COLLEGE | 17/01/2008 | 621.1 K45 | 8962 | 21/05/2024 | 21/05/2024 | Books | ||||||
| Dewey Decimal Classification | SEACOM ENGINEERING COLLEGE | SEACOM ENGINEERING COLLEGE | 17/01/2008 | 621.1 K45 | 8963 | 21/05/2024 | 21/05/2024 | Books | 1 |
